• 首页
  • 本馆介绍
  • 公告通知
  • 最新文献
  • 馆藏检索
  • 电子资源
  • 读者导购
  • 参考咨询
  • 我的图书馆
  • 登录
  • 详细信息显示
  • 放入我的书架
  • 预约/预借图书
  • 作者相关作品
  • 分类相关作品
  • 丛书相关作品
  • 出版社相关作品

书目信息

  • 表格格式
  • 工作单格式
  • 卡片格式
题名:
大学里的精彩报告
    
 
作者: 沈兴全 主编
分册: 第二卷  
出版信息: 北京   国防工业出版社  2006
页数: 358页
开本: 21cm
丛书名:
单 册:
中图分类: Z427.6
科图分类:
主题词: 社会科学--文集 , 自然科学--文集 , 社会科学 , 自然科学
电子资源:
ISBN: 7-118-04521-7
000 00831nam0 2200253 450
001 1559058623
005 20150119162444.62
010    @a7-118-04521-7@dCNY18.00
100    @a20060529d2006 em y0chiy50 ea
101 0  @achi
102    @aCN@b110000
105    @ay z 000yy
200 1  @a大学里的精彩报告@9da xue li de jing cai bao gao@h第二卷@f沈兴全主编
210    @a北京@c国防工业出版社@d2006
215    @a358页@d21cm
330    @a本书是中北大学在近几年组织举办的人文素质报告中精选汇编而成的,包括《中国的航天技术与成果》、《心灵的纯洁与科学思维的深刻 》、《用事业测量人生》等。
606 0  @a社会科学@j文集
606 0  @a自然科学@j文集
606 0  @a社会科学
606 0  @a自然科学
690    @aZ427.6@v5
701  0 @a沈兴全@9shen xing quan@f(1969~)@4主编
801  0 @aCN@bTSSF@c20150115
905    @aZUCC@dZ427.6@eJY3:2
    
    大学里的精彩报告.第二卷/沈兴全主编.-北京:国防工业出版社,2006
    358页;21cm
    
    
    ISBN 7-118-04521-7:CNY18.00
    本书是中北大学在近几年组织举办的人文素质报告中精选汇编而成的,包括《中国的航天技术与成果》、《心灵的纯洁与科学思维的深刻 》、《用事业测量人生》等。
●
相关链接 在E读中查询图书 在五车中查询图书 在当当中查询图书 在豆瓣中查询图书


正题名:大学里的精彩报告     索取号:Z427.6/JY3:2         预约/预借

序号 登录号 条形码 馆藏地/架位号 状态 备注
1 7835088   278350883   学院路分馆/ [索取号:Z427.6/JY3:2] 在馆    
2 7835089   278350892   学院路分馆/ [索取号:Z427.6/JY3:2] 在馆    
唐山师范学院图书馆 欢迎您!
大连网信软件有限公司© 版权所有